| 000 | 00526nam a2200193Ia 4500 | ||
|---|---|---|---|
| 005 | 20250508154249.0 | ||
| 008 | 008 250505s9999 xx 000 0 hin d | ||
| 037 | _aTextual | ||
| 040 |
_aFEDL _beng _cFEDL |
||
| 041 |
_ahin _2hin |
||
| 084 |
_a338.19, ZOO _qFEDL |
||
| 100 | _aZook Paul D. | ||
| 245 | 0 | _aArthik vikas aur antar rashtriya vyapar | |
| 260 |
_aAllahabad, India _bGarg Brothers _c1959 |
||
| 300 | _a146p. | ||
| 650 | _aEconomics | ||
| 942 |
_cTEXL _h338.19, ZOO |
||
| 999 |
_c1349222 _d1349222 |
||